Statistics for Food place names

Click here to take the quiz!

General Stats

  • This quiz has been taken 42 times
  • The average score is 8 of 22

Answer Stats

FoodPlace hintPlace% Correct
"Baked" dessert of ice-cream and meringueHuge US stateAlaska
97%
Small cabbages (Brassica oleracea)European cityBrussels
71%
Sharp tasting cheeseVillage in SomersetCheddar
68%
Chocolate dessert "Mud Pie"US stateMississippi
58%
Chocolate, cream & cherry gateauArea of GermanyBlack Forest
53%
Cheese quiche of east French provinceEast French provinceLorraine
53%
Iced TeaIsland on the east coast or the Holston river?Long Island
47%
Nut (Bertholletia excelsa)South American countryBrazil
45%
BagelUS city/stateNew York
45%
ArtichokeMiddle eastern cityJerusalem
39%
Fermented sauceTown/county in UK midlandsWorcestershire
32%
Strawberry, coconut & custard tartEnglish cityManchester
26%
Blue liqueurDutch country in the CarribeanCuraçao
24%
Breadcrumb sausagesSouth Wales regionGlamorgan
24%
Blue cheeseVillage in Lombardy, ItalyGorgonzola
24%
Stir-fried rice vermicelli noodlesSouth Asian countrySingapore
21%
Sweet biscuitCasino city in EuropeMonte Carlo
18%
Smoked bolognaMiddle eastern countryLebanon
16%
Chocolate & marzipan cakeNorth African cityTunis
16%
TeaDistrict of west BengalDarjeeling
11%
Australian spiced bun with coconutUS cityBoston
8%
Cream aleIrish cityKilkenny
8%

Score Distribution

Percentile by Number Answered

Percent of People with Each Score

Your Score History

You have not taken this quiz